banner koha

Burmanniaceae e Gentianaceae da Usina São José, Igarassu, Pernambuco (Registro n. 328858)

MARC details
000 -LÍDER
fixed length control field 02598nab a2200265 i 4500
003 - CÓDIGO MARC DA AGÊNCIA CATALOGADORA
Campo de controle BR-BrBNA
005 - DATA E HORA DA ÚLTIMA ATUALIZAÇÃO
Campo de controle 20241127115739.0
008 - CAMPO DE TAMANHO FIXO
fixed length control field 241127b2010 bl.qr|pooa||| 00| 0 por |
040 ## - FONTE DA CATALOGAÇÃO
Agência catalogadora BR-BrBNA
Idioma da catalogação por
072 ## - CATEGORIA AGRIS
Código AGRIS F70
100 ## - ENTRADA PRINCIPAL - NOME PESSOAL
Nome pessoal Melo, Aline
100 ## - ENTRADA PRINCIPAL - NOME PESSOAL
Nome pessoal Alves-Araújo, Anderson
100 ## - ENTRADA PRINCIPAL - NOME PESSOAL
Nome pessoal Alves, Marccus
245 ## - TÍTULO PRINCIPAL
Título principal Burmanniaceae e Gentianaceae da Usina São José, Igarassu, Pernambuco
500 ## - NOTA GERAL
Nota geral Publicação on-line; 39 ref.; 3 illus.; Summaries (En, Pt)
942 ## - ADDED ENTRY ELEMENTS (KOHA)
Koha item type Analítica
520 ## - NOTA DE RESUMO
Nota de conteúdo <br/><br/>Resumo<br/><br/>O objetivo deste trabalho é o estudo taxonômico das espécies de Burmanniaceae e Gentianaceae encontradas na<br/>Usina São José. As coletas foram realizadas em seis fragmentos florestais entre 2007 e 2009, além do levantamento<br/>dos herbários locais. Foram encontradas três espécies de Burmanniaceae: Apteria aphylla, Gymnosiphon divaricatus<br/>e G. sphaerocarpus; e quatro de Gentianaceae: Coutoubea spicata, Voyria caerulea, V. obconica e V. tenella.<br/>Apenas C. spicata é autótrofa; as demais são mico-heterótrofas. As espécies foram encontradas apenas nos maiores<br/>remanescentes e as espécies mico-heterótrofas mostraram-se potenciais bioindicadoras de ambientes conservados.<br/>Gymnosiphon sphaerocarpus constitui o primeiro registro para o Brasil.<br/><br/>Palavras-chave: Mata Atlântica, mico-heterótrofas, Nordeste do Brasil, saprófitas.<br/>
520 ## - NOTA DE RESUMO
Nota de conteúdo <br/><br/>ABSTRACT<br/><br/>A taxonomic study was made of Burmanniaceae and Gentianaceae from the Usina São José. Collecting was<br/>done in six forest fragments, from 2007 to 2009; vouchers from local herbaria were also studied. Three<br/>species of Burmanniaceae (Apteria aphylla, Gymnosiphon divaricatus, and G. sphaerocarpus) and four of<br/>Gentianaceae (Coutoubea spicata, Voyria caerulea, V. obconica, and V. tenella) were found. Only C. spicata<br/>is autotrophic, the others are myco-heterotrophic. Specimens were found only in the largest fragments and the<br/>myco-heterotrophs can be considered potential bioindicators of preserved environments. Gymnosiphon<br/>sphaerocarpus is recorded for the first time in Brazil.<br/><br/>Key-words: Atlantic rain forest, myco-heterotrophs, Northeastern Brazil, saprophytes.
650 ## - ASSUNTO - THESAGRO
Cabeçalho tópico ou nome geográfico MATA ATLÂNTICA
650 ## - ASSUNTO - THESAGRO
Cabeçalho tópico ou nome geográfico NORDESTE DO BRASIL
650 ## - ASSUNTO - THESAGRO
Cabeçalho tópico ou nome geográfico GENTIANACEAE
773 0# - ENTRADA ANALÍTICA
Host Biblionumber 709
Registro do item 346775
Imprenta Rio de Janeiro-RJ Jardim Botanico do Rio de Janeiro 1935
Outro identificador 2024-7505
Título Rodriguésia (Brazil)
ISSN 0370-6583; 2175-7860 on-line
Colação v. 61(3) p. 431-440; (2010)
Número de controle de registro BR2024003689
856 ## - ACESSO E ENDEREÇO ELETRÔNICO
Identificador uniforme de recurso - URI https://www.scielo.br/j/rod/a/VGJN8NyvP3Y8DncVXrBvBCy/?format=pdf&lang=pt

Nenhum exemplar disponível.

BINAGRI

Telefone: (61)3218-2567/2388/3357/2097 - binagri@agro.gov.br

Ministério da Agricultura e Pecuária , Esplanada dos Ministérios, Bloco D, Anexo B, Brasília/DF, CEP: 70.043-900